[Event "Madrid-ch Previa-B"]
[Site "Madrid"]
[Date "2013.02.01"]
[Round "1"]
[White "Escanciano Reyero, Daniel"]
[Black "Dominguez Alfara, Miguel"]
[Result "1/2-1/2"]
[WhiteElo "1498"]
[BlackElo "1823"]
[PlyCount "73"]
[EventDate "2013.02.01"]
[EventType "swiss"]
[EventRounds "9"]
[EventCountry "ESP"]
[SourceTitle "CBM 152 Extra"]
[Source "ChessBase"]
[SourceDate "2013.02.25"]
[SourceVersion "1"]
[SourceVersionDate "2013.02.25"]
[SourceQuality "1"]

1. e4 e5 2. Nf3 Nf6 3. Nc3 Nc6 4. Bc4 Nxe4 5. Bxf7+ Kxf7 6. Nxe4 d5 7. Nc3 e4 8. Ng1 Qg5 9. g3 Bg4 10. d3 Bxd1 11. Bxg5 Bxc2 12. dxe4 dxe4 13. Nge2 Bc5 14. Be3 Bb4 15. 0-0 Bd3 16. Rfe1 Ne5 17. Kg2 Nc4 18. Bc1 Rae8 19. b3 Ne5 20. Bb2 c6 21. Red1 Bc2 22. Rd2 Bd3 23. Nf4 a6 24. Re1 g5 25. Nxd3 Nxd3 26. Re3 Rd8 27. Rc2 Rhe8 28. a3 Bc5 29. Ree2 Nxb2 30. Rxb2 Bxa3 31. Ra2 Rd3 32. Nxe4 Be7 33. b4 Rb3 34. Rad2 Rxb4 35. Rd7 Ke6 36. Nc5+ Kf6 37. Nxb7 1/2-1/2